| 000 | 01188nabaa22002057a 4500 | ||
|---|---|---|---|
| 999 |
_c6161 _d6161 |
||
| 003 | OSt | ||
| 005 | 20260123203212.0 | ||
| 008 | 190701b xxu||||| |||| 00| 0 spa d | ||
| 040 | _cPJ | ||
| 100 |
_934 _aPerrino, Pablo Esteban |
||
| 245 | 1 | 3 |
_aLa influencia del derecho francés en el régimen de responsabilidad del Estado argentino : _ca propósito de los 150 años del dictado del fallo "Blanco" por el Tribunal de Conflictos / _bPablo E. Perrino. |
| 300 | _ap. 3-17 | ||
| 500 | _aCita: TR LALEY AR/DOC/449/2024 | ||
| 505 | _aSumario: I. La importancia del fallo "Blanco" y su influencia en el derecho argentino.— II. El aporte del fallo "Blanco" y de decisiones posteriores.— III. La influencia en el régimen argentino de responsabilidad estatal.— IV. La autonomía del régimen de la responsabilidad del Estado.— V. Conclusión. | ||
| 505 | _t¿Te interesa el texto completo? Comunicate al correo: koha@justierradelfuego.gov.ar | ||
| 650 | 0 |
_9211 _aDERECHO ADMINISTRATIVO |
|
| 650 | 0 |
_91215 _aRESPONSABILIDAD DEL ESTADO |
|
| 773 | 0 |
_02842 _93251 _dBuenos Aires : AbeledoPerrot, 2012- _oDA121 _tDerecho administrativo. Nº 152 marzo/abril 2024 _z18510590 |
|
| 942 |
_2udc _cANA |
||